00474 2200205 4500001002100000008004100021035002000062245003500082100001700117250000600134260003300140300001100173084001400184082000800198650001400206990001200220990001200232990001200244990001200256INLIS000000000000529 ind  a0010-0424000505 aSeluk Beluk UangcIrma Sari M. aSari M, Irma a1 aKlaten :bIntan Sejatic2010 a68 hlm a332 IRM s a332 aNon Fiksi a0722144 a0722145 a0722146 a0722147